<?xml version="1.0" encoding="UTF-8"?><record xmlns="http://www.loc.gov/MARC21/slim" xmlns:zs="http://docs.oasis-open.org/ns/search-ws/sruResponse">
  <leader>07654cam a22016573a 4500</leader>
  <controlfield tag="001">16357548</controlfield>
  <controlfield tag="005">20250607035836.9</controlfield>
  <controlfield tag="008">881108s1860    it            000 1 ita d</controlfield>
  <datafield ind1=" " ind2=" " tag="906">
    <subfield code="a">7</subfield>
    <subfield code="b">cbc</subfield>
    <subfield code="c">copycat</subfield>
    <subfield code="d">3</subfield>
    <subfield code="e">ncip</subfield>
    <subfield code="f">20</subfield>
    <subfield code="g">y-genmusic</subfield>
  </datafield>
  <datafield ind1=" " ind2=" " tag="955">
    <subfield code="e">vl34 2011-08-31 microfilm added</subfield>
  </datafield>
  <datafield ind1=" " ind2=" " tag="955">
    <subfield code="a">LCAP batch update 2025-06-01-04:00: LCAPM-644</subfield>
  </datafield>
  <datafield ind1=" " ind2=" " tag="010">
    <subfield code="a">  2010658061</subfield>
  </datafield>
  <datafield ind1=" " ind2=" " tag="035">
    <subfield code="a">16357548</subfield>
  </datafield>
  <datafield ind1=" " ind2=" " tag="035">
    <subfield code="a">(DLC)musschatz.11457</subfield>
  </datafield>
  <datafield ind1=" " ind2=" " tag="035">
    <subfield code="a">(CStRLIN)VAUP88-B1792</subfield>
  </datafield>
  <datafield ind1=" " ind2=" " tag="040">
    <subfield code="a">ViU</subfield>
    <subfield code="c">ViU</subfield>
    <subfield code="d">DLC</subfield>
  </datafield>
  <datafield ind1="0" ind2=" " tag="041">
    <subfield code="a">ita</subfield>
  </datafield>
  <datafield ind1="0" ind2="0" tag="050">
    <subfield code="a">ML48</subfield>
    <subfield code="b">[S3858]</subfield>
  </datafield>
  <datafield ind1=" " ind2=" " tag="051">
    <subfield code="a">Microfilm Music 1854, reel 77.</subfield>
    <subfield code="c">Microfilm. Washington, D.C. : Library of Congress, [197-]. 1 microfilm reel ; 35 mm.</subfield>
  </datafield>
  <datafield ind1="1" ind2=" " tag="100">
    <subfield code="a">Giorza, Paolo,</subfield>
    <subfield code="d">1832-1914.</subfield>
    <subfield code="4">cmp</subfield>
  </datafield>
  <datafield ind1="1" ind2="0" tag="240">
    <subfield code="a">Corrado console di Milano.</subfield>
    <subfield code="s">Libretto.</subfield>
    <subfield code="l">Italian</subfield>
  </datafield>
  <datafield ind1="1" ind2="0" tag="245">
    <subfield code="a">Corrado console di Milano :</subfield>
    <subfield code="b">melodramma in tre atti /</subfield>
    <subfield code="c">di Luigi Gualtieri ; musica del maestro Paolo Giorza ; da rappresentarsi nel regio teatro alla Scala la quaresima del 1860.</subfield>
  </datafield>
  <datafield ind1=" " ind2=" " tag="260">
    <subfield code="a">Milano :</subfield>
    <subfield code="b">Coi tipi di Francesco Lucca,</subfield>
    <subfield code="c">[1860?]</subfield>
  </datafield>
  <datafield ind1=" " ind2=" " tag="300">
    <subfield code="a">30, [4] p. ;</subfield>
    <subfield code="c">17 cm.</subfield>
  </datafield>
  <datafield ind1=" " ind2=" " tag="336">
    <subfield code="a">text</subfield>
    <subfield code="b">txt</subfield>
    <subfield code="2">rdacontent</subfield>
  </datafield>
  <datafield ind1=" " ind2=" " tag="337">
    <subfield code="a">unmediated</subfield>
    <subfield code="b">n</subfield>
    <subfield code="2">rdamedia</subfield>
  </datafield>
  <datafield ind1=" " ind2=" " tag="338">
    <subfield code="a">volume</subfield>
    <subfield code="b">nc</subfield>
    <subfield code="2">rdacarrier</subfield>
  </datafield>
  <datafield ind1=" " ind2=" " tag="500">
    <subfield code="a">U.S. RISM Libretto Project.</subfield>
  </datafield>
  <datafield ind1=" " ind2=" " tag="500">
    <subfield code="a">Legal notice--p. 2; "Al pubblico" by L. Gualtieri dated 15 February 1860--p. 3; "Elenco dei libretti ..."--back cover.</subfield>
  </datafield>
  <datafield ind1=" " ind2=" " tag="500">
    <subfield code="a">"Maestri concertatori a vicenda: signor Cav. Mazzucato Alberto e signor Panizza Giacomo"--p. 6.</subfield>
  </datafield>
  <datafield ind1=" " ind2=" " tag="500">
    <subfield code="a">"Sostituto ai medesimi, Sig. Pollini Francesco"--p. 6.</subfield>
  </datafield>
  <datafield ind1=" " ind2=" " tag="500">
    <subfield code="a">"Primo violino e direttore d'orchestra, Sig. Cavallini Eugenio"--p. 6.</subfield>
  </datafield>
  <datafield ind1=" " ind2=" " tag="500">
    <subfield code="a">"Altro primo violino in sostituz. al Sig. Cavallini, Sig. Corbellini Vinc."--p. 6.</subfield>
  </datafield>
  <datafield ind1=" " ind2=" " tag="500">
    <subfield code="a">"Primo dei secondi violini, Sig. Cremaschi Antonio"--p. 6.</subfield>
  </datafield>
  <datafield ind1=" " ind2=" " tag="500">
    <subfield code="a">"Primo violino per i balli, signor Montanara Gaetano"--p. 6.</subfield>
  </datafield>
  <datafield ind1=" " ind2=" " tag="500">
    <subfield code="a">"Altro primo violino in sostit. al Sig. Montanara, Sig. Brambilla Luigi"--p. 6.</subfield>
  </datafield>
  <datafield ind1=" " ind2=" " tag="500">
    <subfield code="a">"Primo violino dei secondi per il ballo, Sig. Ferrari Fortunato"--p. 6.</subfield>
  </datafield>
  <datafield ind1=" " ind2=" " tag="500">
    <subfield code="a">"Altro sostituto ai primi violini dell'opera, Sig. Melchiori Antonio"--p. 6.</subfield>
  </datafield>
  <datafield ind1=" " ind2=" " tag="500">
    <subfield code="a">"Prime viole: per l'opera, Sig. Tassistro Pietro; pel ballo, Sig. Mantovani Giovanni"--p. 6.</subfield>
  </datafield>
  <datafield ind1=" " ind2=" " tag="500">
    <subfield code="a">"Primi violoncelli a vicenda per l'opera: signori Quarenghi Guglielmo e Truffi Isidoro"--p. 6.</subfield>
  </datafield>
  <datafield ind1=" " ind2=" " tag="500">
    <subfield code="a">"Primo pel ballo, e sostituto ai suddetti, Sig. Perini Giacomo"--p. 6.</subfield>
  </datafield>
  <datafield ind1=" " ind2=" " tag="500">
    <subfield code="a">"Primo contrabasso al cembalo, Sig. Negri Carlo"--p. 6.</subfield>
  </datafield>
  <datafield ind1=" " ind2=" " tag="500">
    <subfield code="a">"Sostituto al medesimo e primo contrabasso per il ballo, Sig. Manzoni Giuseppe"--p. 6.</subfield>
  </datafield>
  <datafield ind1=" " ind2=" " tag="500">
    <subfield code="a">"Altri sostituti ai medesimi: signori Moja Aless. e Motelli Nestore"--p. 6.</subfield>
  </datafield>
  <datafield ind1=" " ind2=" " tag="500">
    <subfield code="a">"Primi flauti: per l'opera, Sig. Pizzi Francesco; pel ballo, Sig. Pellegrini Ercole"--p. 6.</subfield>
  </datafield>
  <datafield ind1=" " ind2=" " tag="500">
    <subfield code="a">"Primi oboe: per l'opera, Sig. Daelli Giovanni; pel ballo, Sig. Reggiori Attilio"--p. 6.</subfield>
  </datafield>
  <datafield ind1=" " ind2=" " tag="500">
    <subfield code="a">"Primi clarinetti: per l'opera, Sig. Bassi Luigi; pel ballo, Sig. Varisco Francesco"--p. 6.</subfield>
  </datafield>
  <datafield ind1=" " ind2=" " tag="500">
    <subfield code="a">"Primi fagotti: per l'opera, Sig. Cantù A.; pel ballo, Sig. Borghetti G."--p. 6.</subfield>
  </datafield>
  <datafield ind1=" " ind2=" " tag="500">
    <subfield code="a">"Primi corni: per l'opera, Sig. Rossari Gustavo; pel ballo, Sig. Caremoli Antonio"--p. 6.</subfield>
  </datafield>
  <datafield ind1=" " ind2=" " tag="500">
    <subfield code="a">"Prime trombe: per l'opera, Sig. Languiller Marco; pel ballo, Sig. Freschi Cornelio"--p. 6.</subfield>
  </datafield>
  <datafield ind1=" " ind2=" " tag="500">
    <subfield code="a">"Primo trombone, Sig. de-Bernardi Enrico"--p. 6.</subfield>
  </datafield>
  <datafield ind1=" " ind2=" " tag="500">
    <subfield code="a">"Bombardone, Sig. Castelli Antonio"--p. 6.</subfield>
  </datafield>
  <datafield ind1=" " ind2=" " tag="500">
    <subfield code="a">"Arpa, signora Rigamonti Virginia"--p. 6.</subfield>
  </datafield>
  <datafield ind1=" " ind2=" " tag="500">
    <subfield code="a">"Timpani, Sig. Sacchi Carlo"--p. 6.</subfield>
  </datafield>
  <datafield ind1=" " ind2=" " tag="500">
    <subfield code="a">"Gran cassa, Sig. Rossi Gaetano"--p. 6.</subfield>
  </datafield>
  <datafield ind1=" " ind2=" " tag="500">
    <subfield code="a">"Organo e fisarmonica, Sig. Visoni"--p. 6.</subfield>
  </datafield>
  <datafield ind1=" " ind2=" " tag="500">
    <subfield code="a">"Maestro dei cori, Bassi Achille"--p. 6.</subfield>
  </datafield>
  <datafield ind1=" " ind2=" " tag="500">
    <subfield code="a">"In sostituzione al suddetto, signor Portaluppi Paolo"--p. 6.</subfield>
  </datafield>
  <datafield ind1=" " ind2=" " tag="500">
    <subfield code="a">"Editore e proprietario dello spartito e del libro, Sig. F. Lucca"--p. 6.</subfield>
  </datafield>
  <datafield ind1=" " ind2=" " tag="500">
    <subfield code="a">"Direttore di scena, Sig. Carraro G."--p. 6.</subfield>
  </datafield>
  <datafield ind1=" " ind2=" " tag="500">
    <subfield code="a">"Rammentatore, Sig. Grolli G."--p. 6.</subfield>
  </datafield>
  <datafield ind1=" " ind2=" " tag="500">
    <subfield code="a">"Buttafuori, signor Bassi Luigi"--p. 6.</subfield>
  </datafield>
  <datafield ind1=" " ind2=" " tag="500">
    <subfield code="a">"Pittore scenografo, signor Peroni Filippo"--p. 6.</subfield>
  </datafield>
  <datafield ind1=" " ind2=" " tag="500">
    <subfield code="a">"Direttore del macchinismo, signor Ronchi Giuseppe"--p. 6.</subfield>
  </datafield>
  <datafield ind1=" " ind2=" " tag="500">
    <subfield code="a">"Fornitore dei piano-forti, signor Abate Stefano"--p. 6.</subfield>
  </datafield>
  <datafield ind1=" " ind2=" " tag="500">
    <subfield code="a">"Vestiarista proprietario, signor Zamperoni Luigi"--p. 6.</subfield>
  </datafield>
  <datafield ind1=" " ind2=" " tag="500">
    <subfield code="a">"Proprietario degli attrezzi, Sig. Gaetano Croce"--p. 6.</subfield>
  </datafield>
  <datafield ind1=" " ind2=" " tag="500">
    <subfield code="a">"Appaltatore dell'illuminazione, signor Longoni Gerolamo"--p. 6.</subfield>
  </datafield>
  <datafield ind1=" " ind2=" " tag="500">
    <subfield code="a">"Parrucchiere, signor Venegoni Eugenio"--p. 6.</subfield>
  </datafield>
  <datafield ind1=" " ind2=" " tag="500">
    <subfield code="a">"Fiorista e piumista, signora Robba Giuseppina"--p. 6.</subfield>
  </datafield>
  <datafield ind1=" " ind2=" " tag="500">
    <subfield code="a">Personaggi/Attori: BERTA. Sig.a Vera Lorini Sofia -- CORRADO. Sig. Nicolas Ernesto -- OTTONE. Sig. Corsi Giovanni -- BERNARDO. Sig. Della Costa Cesare -- RODOLFO. Sig. Alessandrini Luigi -- ELFRIDA. Sig.a Baillou Enrichetta--p. 5.</subfield>
  </datafield>
  <datafield ind1=" " ind2=" " tag="518">
    <subfield code="a">Performance: Milano, Teatro alla Scala, 1860.</subfield>
  </datafield>
  <datafield ind1=" " ind2="0" tag="650">
    <subfield code="a">Operas</subfield>
    <subfield code="v">Librettos.</subfield>
  </datafield>
  <datafield ind1=" " ind2=" " tag="653">
    <subfield code="a">Berta</subfield>
  </datafield>
  <datafield ind1=" " ind2=" " tag="653">
    <subfield code="a">Corrado</subfield>
  </datafield>
  <datafield ind1=" " ind2=" " tag="653">
    <subfield code="a">Ottone</subfield>
  </datafield>
  <datafield ind1=" " ind2=" " tag="653">
    <subfield code="a">Bernardo</subfield>
  </datafield>
  <datafield ind1=" " ind2=" " tag="653">
    <subfield code="a">Rodolfo</subfield>
  </datafield>
  <datafield ind1=" " ind2=" " tag="653">
    <subfield code="a">Elfrida</subfield>
  </datafield>
  <datafield ind1="1" ind2=" " tag="720">
    <subfield code="a">Abiati, Luigi.</subfield>
    <subfield code="4">prd</subfield>
  </datafield>
  <datafield ind1="1" ind2=" " tag="720">
    <subfield code="a">Gualtieri, Luigi, 1826-1901.</subfield>
    <subfield code="4">lbt</subfield>
  </datafield>
  <datafield ind1="1" ind2=" " tag="720">
    <subfield code="a">Vera Lorini, Sofia.</subfield>
    <subfield code="4">sng</subfield>
  </datafield>
  <datafield ind1="1" ind2=" " tag="720">
    <subfield code="a">Nicolas, Ernesto.</subfield>
    <subfield code="4">sng</subfield>
  </datafield>
  <datafield ind1="1" ind2=" " tag="720">
    <subfield code="a">Corsi, Giovanni.</subfield>
    <subfield code="4">sng</subfield>
  </datafield>
  <datafield ind1="1" ind2=" " tag="720">
    <subfield code="a">Della Costa, Cesare.</subfield>
    <subfield code="4">sng</subfield>
  </datafield>
  <datafield ind1="1" ind2=" " tag="720">
    <subfield code="a">Alessandrini, Luigi.</subfield>
    <subfield code="4">sng</subfield>
  </datafield>
  <datafield ind1="1" ind2=" " tag="720">
    <subfield code="a">Baillou, Enrichetta.</subfield>
    <subfield code="4">sng</subfield>
  </datafield>
  <datafield ind1="1" ind2=" " tag="720">
    <subfield code="a">Mazzucato, Alberto.</subfield>
    <subfield code="4">itr</subfield>
    <subfield code="4">cnd</subfield>
  </datafield>
  <datafield ind1="1" ind2=" " tag="720">
    <subfield code="a">Panizza, Giacomo.</subfield>
    <subfield code="4">itr</subfield>
    <subfield code="4">cnd</subfield>
  </datafield>
  <datafield ind1="1" ind2=" " tag="720">
    <subfield code="a">Pollini, Francesco.</subfield>
    <subfield code="4">itr</subfield>
    <subfield code="4">cnd</subfield>
  </datafield>
  <datafield ind1="1" ind2=" " tag="720">
    <subfield code="a">Cavallini, Eugenio.</subfield>
    <subfield code="4">itr</subfield>
    <subfield code="4">cnd</subfield>
  </datafield>
  <datafield ind1="1" ind2=" " tag="720">
    <subfield code="a">Corbellini, Vinc.</subfield>
    <subfield code="4">itr</subfield>
    <subfield code="4">cnd</subfield>
  </datafield>
  <datafield ind1="1" ind2=" " tag="720">
    <subfield code="a">Cremaschi, Antonio.</subfield>
    <subfield code="4">itr</subfield>
    <subfield code="4">cnd</subfield>
  </datafield>
  <datafield ind1="1" ind2=" " tag="720">
    <subfield code="a">Montanara, Gaetano.</subfield>
    <subfield code="4">itr</subfield>
    <subfield code="4">cnd</subfield>
  </datafield>
  <datafield ind1="1" ind2=" " tag="720">
    <subfield code="a">Brambilla, Luigi.</subfield>
    <subfield code="4">itr</subfield>
    <subfield code="4">cnd</subfield>
  </datafield>
  <datafield ind1="1" ind2=" " tag="720">
    <subfield code="a">Ferrari, Fortunato.</subfield>
    <subfield code="4">itr</subfield>
    <subfield code="4">cnd</subfield>
  </datafield>
  <datafield ind1="1" ind2=" " tag="720">
    <subfield code="a">Melchiori, Antonio.</subfield>
    <subfield code="4">itr</subfield>
    <subfield code="4">cnd</subfield>
  </datafield>
  <datafield ind1="1" ind2=" " tag="720">
    <subfield code="a">Tassistro, Pietro.</subfield>
    <subfield code="4">itr</subfield>
  </datafield>
  <datafield ind1="1" ind2=" " tag="720">
    <subfield code="a">Mantovani, Giovanni.</subfield>
    <subfield code="4">itr</subfield>
  </datafield>
  <datafield ind1="1" ind2=" " tag="720">
    <subfield code="a">Quarenghi, Guglielmo.</subfield>
    <subfield code="4">itr</subfield>
  </datafield>
  <datafield ind1="1" ind2=" " tag="720">
    <subfield code="a">Truffi, Isidoro.</subfield>
    <subfield code="4">itr</subfield>
  </datafield>
  <datafield ind1="1" ind2=" " tag="720">
    <subfield code="a">Perini, Giacomo.</subfield>
    <subfield code="4">itr</subfield>
  </datafield>
  <datafield ind1="1" ind2=" " tag="720">
    <subfield code="a">Negri, Carlo.</subfield>
    <subfield code="4">itr</subfield>
  </datafield>
  <datafield ind1="1" ind2=" " tag="720">
    <subfield code="a">Manzoni, Giuseppe.</subfield>
    <subfield code="4">itr</subfield>
  </datafield>
  <datafield ind1="1" ind2=" " tag="720">
    <subfield code="a">Moja, Aless.</subfield>
    <subfield code="4">itr</subfield>
  </datafield>
  <datafield ind1="1" ind2=" " tag="720">
    <subfield code="a">Motelli, Nestore.</subfield>
    <subfield code="4">itr</subfield>
  </datafield>
  <datafield ind1="1" ind2=" " tag="720">
    <subfield code="a">Pizzi, Francesco.</subfield>
    <subfield code="4">itr</subfield>
  </datafield>
  <datafield ind1="1" ind2=" " tag="720">
    <subfield code="a">Pellegrini, Ercole.</subfield>
    <subfield code="4">itr</subfield>
  </datafield>
  <datafield ind1="1" ind2=" " tag="720">
    <subfield code="a">Daelli, Giovanni.</subfield>
    <subfield code="4">itr</subfield>
  </datafield>
  <datafield ind1="1" ind2=" " tag="720">
    <subfield code="a">Reggiori, Attilio.</subfield>
    <subfield code="4">itr</subfield>
  </datafield>
  <datafield ind1="1" ind2=" " tag="720">
    <subfield code="a">Bassi, Luigi.</subfield>
    <subfield code="4">itr</subfield>
  </datafield>
  <datafield ind1="1" ind2=" " tag="720">
    <subfield code="a">Varisco, Francesco.</subfield>
    <subfield code="4">itr</subfield>
  </datafield>
  <datafield ind1="1" ind2=" " tag="720">
    <subfield code="a">Cantù, A. Sig.</subfield>
    <subfield code="4">itr</subfield>
  </datafield>
  <datafield ind1="1" ind2=" " tag="720">
    <subfield code="a">Borghetti, G. Sig.</subfield>
    <subfield code="4">itr</subfield>
  </datafield>
  <datafield ind1="1" ind2=" " tag="720">
    <subfield code="a">Rossari, Gustavo.</subfield>
    <subfield code="4">itr</subfield>
  </datafield>
  <datafield ind1="1" ind2=" " tag="720">
    <subfield code="a">Caremoli, Antonio.</subfield>
    <subfield code="4">itr</subfield>
  </datafield>
  <datafield ind1="1" ind2=" " tag="720">
    <subfield code="a">Languiller, Marco.</subfield>
    <subfield code="4">itr</subfield>
  </datafield>
  <datafield ind1="1" ind2=" " tag="720">
    <subfield code="a">Freschi, Cornelio.</subfield>
    <subfield code="4">itr</subfield>
  </datafield>
  <datafield ind1="1" ind2=" " tag="720">
    <subfield code="a">De Bernardi, Enrico.</subfield>
    <subfield code="4">itr</subfield>
  </datafield>
  <datafield ind1="1" ind2=" " tag="720">
    <subfield code="a">Castelli, Antonio.</subfield>
    <subfield code="4">itr</subfield>
  </datafield>
  <datafield ind1="1" ind2=" " tag="720">
    <subfield code="a">Rigamonti, Virginia.</subfield>
    <subfield code="4">itr</subfield>
  </datafield>
  <datafield ind1="1" ind2=" " tag="720">
    <subfield code="a">Sacchi, Carlo</subfield>
    <subfield code="4">itr</subfield>
  </datafield>
  <datafield ind1="1" ind2=" " tag="720">
    <subfield code="a">Rossi, G.</subfield>
    <subfield code="4">itr</subfield>
  </datafield>
  <datafield ind1="1" ind2=" " tag="720">
    <subfield code="a">Visoni, Sig.</subfield>
    <subfield code="4">itr</subfield>
  </datafield>
  <datafield ind1="1" ind2=" " tag="720">
    <subfield code="a">Bassi, Achille.</subfield>
    <subfield code="4">cnd</subfield>
  </datafield>
  <datafield ind1="1" ind2=" " tag="720">
    <subfield code="a">Portaluppi, Paolo.</subfield>
    <subfield code="4">cnd</subfield>
  </datafield>
  <datafield ind1="1" ind2=" " tag="720">
    <subfield code="a">Lucca, F. Sig.</subfield>
    <subfield code="4">prd</subfield>
  </datafield>
  <datafield ind1="1" ind2=" " tag="720">
    <subfield code="a">Carraro, G. Sig.</subfield>
    <subfield code="4">prd</subfield>
  </datafield>
  <datafield ind1="1" ind2=" " tag="720">
    <subfield code="a">Grolli, G. Sig.</subfield>
    <subfield code="4">prd</subfield>
  </datafield>
  <datafield ind1="1" ind2=" " tag="720">
    <subfield code="a">Bassi, Luigi.</subfield>
    <subfield code="4">prd</subfield>
  </datafield>
  <datafield ind1="1" ind2=" " tag="720">
    <subfield code="a">Peroni, Filippo.</subfield>
    <subfield code="4">art</subfield>
  </datafield>
  <datafield ind1="1" ind2=" " tag="720">
    <subfield code="a">Ronchi, Giuseppe.</subfield>
    <subfield code="4">prd</subfield>
  </datafield>
  <datafield ind1="1" ind2=" " tag="720">
    <subfield code="a">Abate, Stefano.</subfield>
    <subfield code="4">prd</subfield>
  </datafield>
  <datafield ind1="1" ind2=" " tag="720">
    <subfield code="a">Zamperoni, Luigi.</subfield>
    <subfield code="4">cst</subfield>
  </datafield>
  <datafield ind1="1" ind2=" " tag="720">
    <subfield code="a">Croce, Gaetano.</subfield>
    <subfield code="4">prd</subfield>
  </datafield>
  <datafield ind1="1" ind2=" " tag="720">
    <subfield code="a">Longoni, Gerolamo.</subfield>
    <subfield code="4">prd</subfield>
  </datafield>
  <datafield ind1="1" ind2=" " tag="720">
    <subfield code="a">Venegoni, Eugenio.</subfield>
    <subfield code="4">cst</subfield>
  </datafield>
  <datafield ind1="1" ind2=" " tag="720">
    <subfield code="a">Robba, Giuseppina.</subfield>
    <subfield code="4">cst</subfield>
    <subfield code="4">art</subfield>
  </datafield>
  <datafield ind1="4" ind2="1" tag="856">
    <subfield code="u">http://hdl.loc.gov/loc.music/musschatz.11457</subfield>
  </datafield>
  <datafield ind1=" " ind2=" " tag="985">
    <subfield code="e">USRISMlibretto</subfield>
  </datafield>
  <datafield ind1=" " ind2=" " tag="985">
    <subfield code="e">musschatz_scanning_2016</subfield>
  </datafield>
</record>
